000
00500nam a2200181Ia 4500
008
090124s9999 xx 000 0 und d
082
_b
112139
100
_a
माडगुळकर ग. दि.
245
_a
गीतगोपाळ
250
_a
1
260
_c
1967
300
_a
70
600
_a
माडगुळकर ग. दि.
630
_a
गीतगोपाळ
700
_a
माडगुळकर ग. दि.
730
_a
गीतगोपाळ
942
_c
BOOK
999
_c
158230
_d
158230